All 10k+ Cities in Central America - Statistics

General Stats
  • This quiz has been taken 106 times
  • The average score is 25 of 395
Answers on the Map
Answers color-coded by a green-red scale on the quiz's map according to % correct below.
 
Answer Stats
Country Population answer % Correct
Panama 1,132,969 Ciudad de Panamá
92%
Guatemala 923,392 Ciudad de Guatemala
84%
Costa Rica 1,453,500 San José
84%
Guatemala 23,887 San José
84%
Belize 21,974 Belmopan
80%
Honduras 1,132,000 Tegucigalpa
80%
Belize 65,222 Belize
64%
El Salvador 316,090 San Salvador
64%
Belize 16,117 San Pedro
60%
Honduras 701,200 San Pedro Sula
48%
El Salvador 198,251 Santa Ana
48%
El Salvador 91,212 Colón
40%
Panama 159,157 Colón
40%
El Salvador 155,958 San Miguel
40%
Nicaragua 106,719 Granada
32%
Nicaragua 177,270 León
32%
Costa Rica 65,300 Limón
32%
Panama 103,915 David
28%
Guatemala 180,706 Quetzaltenango
28%
Guatemala 38,186 Flores
24%
Nicaragua 17,266 San Carlos
24%
Guatemala 16,768 San Pablo
24%
Guatemala 17,172 Santa Bárbara
24%
Honduras 30,690 Santa Bárbara
24%
Costa Rica 196,900 Alajuela
20%
Guatemala 46,054 Antigua Guatemala
20%
Nicaragua 56,421 Bluefields
20%
Costa Rica 232,300 Cartago
20%
Costa Rica 367,900 Heredia
20%
Guatemala 117,818 Huehuetenango
20%
Honduras 209,000 La Ceiba
20%
El Salvador 108,840 Santa Tecla
20%
El Salvador 58,386 Ahuachapán
16%
Nicaragua 115,687 Chinandega
16%
Honduras 120,500 Comayagua
16%
El Salvador 11,705 La Libertad
16%
Guatemala 23,820 La Libertad
16%
Honduras 32,450 La Paz
16%
Panama 10,015 Las Tablas
16%
Nicaragua 140,721 Masaya
16%
El Salvador 140,751 Mejicanos
16%
Guatemala 463,019 Mixco
16%
Belize 14,705 Orange Walk
16%
Guatemala 100,593 Puerto Barrios
16%
Costa Rica 87,500 Puntarenas
16%
Honduras 14,940 Roatán
16%
Panama 10,261 San Antonio
16%
Belize 21,690 San Ignacio
16%
Honduras 35,560 San Lorenzo
16%
Honduras 22,750 Trujillo
16%
Guatemala 426,316 Villa Nueva
16%
Honduras 83,650 Villanueva
16%
Nicaragua 12,651 Villanueva
16%
El Salvador 123,095 Apopa
12%
Guatemala 96,985 Chimaltenango
12%
Panama 57,412 Chitré
12%
Guatemala 212,047 Cobán
12%
Honduras 120,600 El Progreso
12%
Nicaragua 112,132 Estelí
12%
Guatemala 159,840 Jalapa
12%
Nicaragua 43,757 Jalapa
12%
Nicaragua 57,605 Jinotega
12%
Guatemala 145,880 Jutiapa
12%
Panama 205,959 La Chorrera
12%
El Salvador 16,911 La Unión
12%
Costa Rica 59,100 Liberia
12%
Guatemala 17,923 Livingston
12%
Nicaragua 114,120 Matagalpa
12%
Nicaragua 35,968 Rivas
12%
Guatemala 17,360 San Felipe
12%
El Salvador 60,028 San Marcos
12%
Guatemala 47,063 San Marcos
12%
Nicaragua 22,003 San Marcos
12%
El Salvador 65,462 San Martín
12%
Honduras 15,230 Santa Rita
12%
El Salvador 34,928 San Vicente
12%
Panama 17,058 San Vicente
12%
El Salvador 43,171 Sonsonate
12%
El Salvador 241,403 Soyapango
12%
El Salvador 43,400 Usulután
12%
Panama 33,708 Aguadulce
8%
Panama 84,524 Arraiján
8%
Nicaragua 26,398 Boaco
8%
Honduras 63,310 Catacamas
8%
El Salvador 13,951 Chalatenango
8%
Guatemala 71,394 Chichicastenango
8%
Guatemala 111,505 Chiquimula
8%
Honduras 220,300 Choloma
8%
Honduras 99,980 Choluteca
8%
Guatemala 156,313 Escuintla
8%
Honduras 18,550 Gracias
8%
El Salvador 18,185 Metapán
8%
Honduras 22,240 Morazán
8%
Nicaragua 40,913 Nueva Guinea
8%
Nicaragua 86,279 Puerto Cabezas
8%
Honduras 73,150 Puerto Cortés
8%
Guatemala 155,965 San Juan Sacatepéquez
8%
Honduras 39,920 Tela
8%
Nicaragua 150,597 Tipitapa
8%
Honduras 27,460 Yoro
8%
El Salvador 23,637 Acajutla
4%
El Salvador 19,134 Aguilares
4%
El Salvador 33,002 Antiguo Cuscatlán
4%
El Salvador 22,811 Armenia
4%
El Salvador 33,569 Ayutuxtepeque
4%
Nicaragua 17,523 Camoapa
4%
Costa Rica 22,700 Cañas
4%
El Salvador 43,013 Chalchuapa
4%
Panama 40,086 Changuinola
4%
Guatemala 104,972 Chinautla
4%
El Salvador 29,385 Ciudad Arce
4%
Nicaragua 130,357 Ciudad Sandino
4%
Guatemala 37,330 Coatepeque
4%
El Salvador 40,400 Cojutepeque
4%
Guatemala 32,312 Comalapa
4%
Honduras 10,320 Copán Ruinas
4%
El Salvador 21,409 Cuscatancingo
4%
El Salvador 95,574 Delgado
4%
El Salvador 12,392 El Congo
4%
Honduras 27,640 El Paraíso
4%
Honduras 10,930 El Triunfo
4%
Nicaragua 13,832 El Tuma
4%
Guatemala 18,667 Esquipulas
4%
El Salvador 12,697 Guazapa
4%
El Salvador 22,394 Ilobasco
4%
El Salvador 88,883 Ilopango
4%
Honduras 28,220 Intibucá
4%
El Salvador 19,199 Izalco
4%
Costa Rica 14,400 Jacó
4%
Nicaragua 54,124 Juigalpa
4%
Honduras 75,790 Juticalpa
4%
Nicaragua 18,990 La Concepción
4%
Panama 26,534 La Concepción
4%
Costa Rica 15,400 La Fortuna
4%
Nicaragua 11,638 Laguna de Perlas
4%
Honduras 80,740 La Lima
4%
El Salvador 27,316 Las Flores
4%
Panama 20,318 Las Lomas
4%
Panama 16,279 Los Algarrobos
4%
Nicaragua 16,824 Matiguás
4%
Nicaragua 19,109 Mulukukú
4%
Honduras 21,310 Nacaome
4%
El Salvador 16,410 Nahuizalco
4%
El Salvador 16,530 Nejapa
4%
Costa Rica 17,300 Nicoya
4%
Guatemala 15,747 Nueva Concepción
4%
Panama 62,300 Nueva Esperanza
4%
Honduras 14,900 Nueva Ocotepeque
4%
Honduras 49,750 Olanchito
4%
Guatemala 13,767 Panajachel
4%
Guatemala 21,249 Patzicía
4%
Panama 31,799 Penonomé
4%
Guatemala 129,124 Petapa
4%
Panama 14,663 Puerto Armuelles
4%
Honduras 22,860 Puerto Lempira
4%
Guatemala 90,505 Retalhuleu
4%
Nicaragua 18,457 Río Blanco
4%
Honduras 17,080 Sabá
4%
Guatemala 12,516 San Andrés
4%
Guatemala 34,788 San Benito
4%
El Salvador 15,307 San Francisco Gotera
4%
Costa Rica 66,300 San Isidro de El General
4%
Guatemala 49,589 San Pedro Sacatepéquez
4%
Guatemala 36,932 San Pedro Sacatepéquez
4%
Guatemala 78,279 Santa Cruz del Quiché
4%
Honduras 61,800 Santa Rosa de Copán
4%
El Salvador 13,640 Santa Rosa de Lima
4%
Panama 51,339 Santiago de Veraguas
4%
El Salvador 16,167 Santo Tomás
4%
Nicaragua 14,547 Santo Tomás
4%
Nicaragua 25,849 Sébaco
4%
El Salvador 15,395 Sensuntepeque
4%
Honduras 79,520 Siguatepeque
4%
Nicaragua 25,014 Siuna
4%
Guatemala 88,612 Sololá
4%
Honduras 15,730 Sonaguera
4%
El Salvador 25,005 Sonzacate
4%
Guatemala 15,213 Tactic
4%
Honduras 20,610 Talanga
4%
Honduras 63,320 Tocoa
4%
Guatemala 103,952 Totonicapán
4%
Costa Rica 29,900 Turrialba
4%
Guatemala 124,680 Villa Canales
4%
Panama 11,294 Volcán
4%
Nicaragua 13,166 Waslala
4%
Guatemala 60,370 Zacapa
4%
El Salvador 41,341 Zacatecoluca
4%
Nicaragua 10,436 Acoyapa
0%
Costa Rica 10,500 Aguas Zarcas
0%
Guatemala 12,299 Almolonga
0%
Guatemala 23,358 Alotenango
0%
Guatemala 98,176 Amatitlán
0%
Guatemala 20,936 Asunción Mita
0%
El Salvador 13,674 Atiquizaya
0%
Guatemala 23,574 Ayutla
0%
Honduras 11,800 Azacualpa
0%
Honduras 12,680 Baracoa
0%
Guatemala 47,093 Barberena
0%
Guatemala 17,166 Barillas
0%
Costa Rica 11,000 Batán
0%
Nicaragua 15,138 Bonanza
0%
Honduras 10,790 Bonito Oriental
0%
Costa Rica 18,700 Buenos Aires de Puntarenas
0%
Guatemala 14,948 Cajolá
0%
Honduras 27,820 Campo Dos Caminos
0%
Guatemala 35,825 Cantel
0%
Costa Rica 26,000 Cariari
0%
Guatemala 24,247 Chajul
0%
El Salvador 23,952 Chanmico
0%
Panama 22,102 Chepo
0%
Guatemala 26,309 Chicacao
0%
Nicaragua 44,281 Chichigalpa
0%
Panama 28,653 Chilibre
0%
Guatemala 18,848 Chiquimulilla
0%
Nicaragua 23,526 Ciudad Darío
0%
El Salvador 15,508 Ciudad Real
0%
Guatemala 32,802 Ciudad Vieja
0%
Honduras 45,430 Cofradía
0%
Guatemala 28,655 Colomba
0%
Nicaragua 12,188 Condega
0%
Nicaragua 18,650 Corinto
0%
Guatemala 10,681 Cubulco
0%
Guatemala 41,359 Cuilapa
0%
Honduras 80,200 Danlí
0%
Nicaragua 44,661 Diriamba
0%
Nicaragua 17,309 Diriomo
0%
El Salvador 10,634 El Arenal
0%
Guatemala 17,388 El Asintal
0%
Nicaragua 10,616 El Crucero
0%
Nicaragua 11,731 El Cuá
0%
Guatemala 20,489 El Estor
0%
Nicaragua 10,440 El Jícaro
0%
Honduras 16,280 El Milagro
0%
Honduras 13,260 El Negrito
0%
Guatemala 19,115 El Nuevo Palmar
0%
Nicaragua 23,939 El Rama
0%
Nicaragua 11,898 El Sauce
0%
Guatemala 15,639 El Tejar
0%
Nicaragua 11,601 El Tortuguero
0%
Nicaragua 53,382 El Viejo
0%
Costa Rica 28,600 Esparza
0%
Costa Rica 11,700 Florencia
0%
Guatemala 44,117 Fraijanes
0%
Costa Rica 38,300 Grecia
0%
Costa Rica 13,800 Guácimo
0%
Honduras 21,330 Guaimaca
0%
Costa Rica 38,800 Guápiles
0%
Guatemala 24,821 Guastatoya
0%
Guatemala 22,533 Jacaltenango
0%
Honduras 11,930 Jesús de Otoro
0%
Nicaragua 40,612 Jinotepe
0%
El Salvador 12,581 Jiquilisco
0%
Guatemala 19,280 Jocotenango
0%
Guatemala 15,451 Joyabaj
0%
El Salvador 10,401 Juayúa
0%
El Salvador 10,023 Jucuapa
0%
Guatemala 13,921 La Blanca
0%
Guatemala 23,146 La Democracia
0%
Guatemala 13,400 La Democracia
0%
Honduras 27,830 La Entrada
0%
Guatemala 19,724 La Esperanza
0%
Honduras 11,830 La Esperanza
0%
Guatemala 26,533 La Gomera
0%
Honduras 10,440 La Jutosa
0%
Nicaragua 23,834 La Paz Centro
0%
Nicaragua 14,933 Larreynaga
0%
Panama 55,031 Las Garzas
0%
Honduras 12,000 Las Lajas
0%
Honduras 11,270 Las Vegas
0%
Nicaragua 13,087 La Trinidad
0%
Honduras 15,050 Marcala
0%
Guatemala 16,797 Masagua
0%
Nicaragua 23,365 Masatepe
0%
Nicaragua 63,771 Mateare
0%
Guatemala 77,431 Mazatenango
0%
Guatemala 14,972 Melchor de Mencos
0%
Guatemala 15,601 Momostenango
0%
Honduras 10,690 Monjarás
0%
Guatemala 13,541 Monjas
0%
Guatemala 23,855 Morales
0%
Nicaragua 11,291 Muelle de los Bueyes
0%
Nicaragua 26,070 Nagarote
0%
Guatemala 23,635 Nahualá
0%
Nicaragua 22,027 Nandaime
0%
Costa Rica 19,900 Naranjo de Alajuela
0%
Guatemala 31,935 Nebaj
0%
Costa Rica 12,800 Neily
0%
Guatemala 18,606 Nentón
0%
Nicaragua 30,165 Nindirí
0%
Guatemala 13,535 Nueva Santa Rosa
0%
Honduras 11,910 Nuevo Chamelecón
0%
Panama 33,140 Nuevo Chorrillo
0%
Guatemala 22,657 Nuevo San Carlos
0%
Nicaragua 49,538 Ocotal
0%
Guatemala 31,545 Olintepeque
0%
Honduras 10,550 Omoa
0%
Guatemala 20,763 Ostuncalco
0%
Panama 11,344 Pacora
0%
Guatemala 31,824 Palencia
0%
Guatemala 62,095 Palín
0%
Costa Rica 30,700 Palmares de Alajuela
0%
Guatemala 22,068 Panzós
0%
Guatemala 11,970 Parramos
0%
Costa Rica 10,800 Parrita
0%
Guatemala 12,621 Pastores
0%
Guatemala 11,343 Patulul
0%
Guatemala 26,632 Patzún
0%
Honduras 13,530 Pimienta
0%
Costa Rica 12,000 Pital
0%
Guatemala 12,710 Playa Grande Ixcán
0%
Guatemala 29,130 Poptún
0%
Honduras 20,050 Potrerillos
0%
Panama 12,626 Puerto Caimito
0%
Costa Rica 16,100 Puerto Quepos
0%
Costa Rica 10,500 Puerto Viejo de Sarapiquí
0%
Costa Rica 32,300 Quesada de San Carlos
0%
El Salvador 32,349 Quezaltepeque
0%
Nicaragua 11,500 Quilalí
0%
Guatemala 15,157 Rabinal
0%
Guatemala 15,391 Río Bravo
0%
Nicaragua 16,590 Rosita
0%
Guatemala 65,275 Salamá
0%
Guatemala 17,042 Salcajá
0%
Guatemala 17,728 San Agustín Acasaguastlán
0%
Guatemala 24,992 San Andrés Itzapa
0%
Guatemala 15,074 San Andrés Xecul
0%
El Salvador 17,634 San Antonio del Monte
0%
Guatemala 13,666 San Antonio Suchitepéquez
0%
Guatemala 20,976 Sanarate
0%
Guatemala 12,589 San Cristóbal Totonicapán
0%
Guatemala 20,961 San Cristóbal Verapaz
0%
Guatemala 38,995 San Francisco El Alto
0%
Guatemala 18,468 San Francisco Zapotitlán
0%
Costa Rica 31,900 San Isidro de Heredia
0%
Nicaragua 14,813 San José de Bocay
0%
Guatemala 67,327 San José Pinula
0%
El Salvador 10,126 San José Villanueva
0%
Guatemala 13,264 San Juan Chamelco
0%
Guatemala 14,032 San Juan Cotzal
0%
Nicaragua 13,120 San Juan de Río Coco
0%
El Salvador 10,671 San Juan Opico
0%
Honduras 11,170 San Juan Pueblo
0%
Guatemala 20,723 San Lucas Sacatepéquez
0%
Guatemala 17,101 San Lucas Tolimán
0%
Guatemala 11,675 San Luis Jilotepeque
0%
El Salvador 44,991 San Luis Mariona
0%
Honduras 14,260 San Manuel
0%
Honduras 13,920 San Marcos de Colón
0%
Guatemala 10,812 San Martín Jilotepeque
0%
Guatemala 15,090 San Mateo Ixtatán
0%
Costa Rica 12,200 San Miguel de Santo Domingo
0%
Guatemala 16,872 San Pablo Jocopilas
0%
Guatemala 48,727 San Pedro Ayampuc
0%
Guatemala 16,353 San Pedro Carchá
0%
Guatemala 10,705 San Pedro La Laguna
0%
Guatemala 14,166 San Pedro Soloma
0%
Costa Rica 57,500 San Rafael de Alajuela
0%
Nicaragua 37,965 San Rafael del Sur
0%
Guatemala 15,447 San Raimundo
0%
Costa Rica 40,600 San Ramón de los Palmares
0%
Guatemala 20,552 Santa Catalina la Tinta
0%
Guatemala 19,560 Santa Catarina Ixtahuacan
0%
Guatemala 14,520 Santa Catarina Mita
0%
Guatemala 70,982 Santa Catarina Pinula
0%
Costa Rica 16,600 Santa Cruz de Guanacaste
0%
Honduras 20,960 Santa Cruz de Yojoa
0%
Guatemala 58,877 Santa Lucía Cotzumalguapa
0%
Guatemala 12,234 Santa Lucía Milpas Altas
0%
Guatemala 15,919 Santa María Chiquimula
0%
Guatemala 21,795 Santa María de Jesús
0%
Guatemala 38,100 Santiago Atitlán
0%
El Salvador 13,350 Santiago de María
0%
Guatemala 24,100 Santiago Sacatepéquez
0%
Guatemala 10,632 Santo Domingo Xenacoj
0%
Costa Rica 11,200 Sardinal
0%
Guatemala 13,780 Sayaxché
0%
Guatemala 18,150 Siquinalá
0%
Costa Rica 22,800 Siquirres
0%
Nicaragua 20,582 Somotillo
0%
Nicaragua 21,299 Somoto
0%
Guatemala 28,488 Sumpango
0%
Guatemala 34,519 Tecpán Guatemala
0%
Nicaragua 10,175 Telica
0%
Nicaragua 18,489 Ticuantepe
0%
Guatemala 29,193 Tiquisate
0%
Costa Rica 12,100 Tobosi
0%
El Salvador 43,806 Veracruz
0%
Panama 18,679 Veracruz
0%
Nicaragua 12,603 Villa El Carmen
0%
Panama 128,973 Vista Alegre
0%
Nicaragua 14,211 Waspám
0%
Nicaragua 15,528 Wiwilí de Jinotega
0%
Guatemala 17,021 Yepocapa
0%
El Salvador 16,945 Zaragoza
0%
Guatemala 11,176 Zaragoza
0%
No matching quizzes found
Score Distribution
Percent of People with Each Score
Percentile by Number Answered
Your Score History
You have not taken this quiz